Немецко-русский словарь по вычислительной технике: около 20 000 терминов

Podrobná bibliografie
Hlavní autor: Шаров В. А. Виктор Александрович
Jazyk:němčina
ruština
Vydáno: Москва, Русский язык, 1976
Témata:
Médium: Kniha
KOHA link:https://koha.lib.tpu.ru/cgi-bin/koha/opac-detail.pl?biblionumber=28533

MARC

LEADER 00000nam0a2200000 4500
001 28533
005 20231030202851.0
035 |a (RuTPU)RU\TPU\book\28789 
035 |a BOOK00028864 
090 |a 28533 
100 |a 20011209d1976 km y0rusy50 ca 
101 0 |a ger  |a rus 
102 |a RU 
105 |a  e 000zy 
200 1 |a Немецко-русский словарь по вычислительной технике  |d Deutsch-Russisches Worterbuch der rechentechnik und datenverarbeitung  |e около 20 000 терминов  |f В. А. Шаров 
210 |a Москва  |c Русский язык  |d 1976 
215 |a 400 с. 
510 1 |a Deutsch-Russisches Worterbuch der rechentechnik und datenverarbeitung 
610 1 |a немецкий язык 
610 1 |a немецко-русские словари 
610 1 |a терминологические словари 
610 1 |a вычислительная техника 
675 |a 681.3(031)  |v 3 
686 |a Ш143.24-43  |v LBC/SL-A  |2 rubbk 
700 1 |a Шаров  |b В. А.  |g Виктор Александрович 
801 0 |a RU  |b 63413507  |c 20011209  |g PSBO 
801 2 |a RU  |b 63413507  |c 20161014  |g PSBO 
942 |c BK